Bài tập thực hành Wildform Fx & Flash Mx

Gorde:
Xehetasun bibliografikoak
Egile nagusia: Phạm, Quang Huy
Formatua: Liburua
Hizkuntza:Undetermined
Argitaratua: Hà Nội Thống Kê 2003
Gaiak:
Etiketak: Etiketa erantsi
Etiketarik gabe, Izan zaitez lehena erregistro honi etiketa jartzen!
Thư viện lưu trữ: Trung tâm Học liệu Trường Đại học Cần Thơ
LEADER 00598nam a2200205Ia 4500
001 CTU_74774
008 210402s9999 xx 000 0 und d
020 |c 55000 
082 |a 006.696 
082 |b H523 
100 |a Phạm, Quang Huy 
245 0 |a Bài tập thực hành Wildform Fx & Flash Mx 
245 0 |c Phạm Quang Huy 
260 |a Hà Nội 
260 |b Thống Kê 
260 |c 2003 
650 |a Computer Animation,Computer Graphics 
650 |x Computer Programs,Computer Programs 
904 |i Nguyên 
980 |a Trung tâm Học liệu Trường Đại học Cần Thơ